<?xml version="1.0" encoding="UTF-8"?>
<record
    xmlns:xsi="http://www.w3.org/2001/XMLSchema-instance"
    xsi:schemaLocation="http://www.loc.gov/MARC21/slim http://www.loc.gov/standards/marcxml/schema/MARC21slim.xsd"
    xmlns="http://www.loc.gov/MARC21/slim">

  <leader>00690nam a22001817a 4500</leader>
  <controlfield tag="005">20221122144252.0</controlfield>
  <controlfield tag="008">221122b           ||||| |||| 00| 0 eng d</controlfield>
  <datafield tag="040" ind1=" " ind2=" ">
    <subfield code="c">AL</subfield>
  </datafield>
  <datafield tag="041" ind1=" " ind2=" ">
    <subfield code="a">Hindi</subfield>
  </datafield>
  <datafield tag="082" ind1=" " ind2=" ">
    <subfield code="2">23</subfield>
    <subfield code="a">H891.4</subfield>
    <subfield code="b">DUNS</subfield>
  </datafield>
  <datafield tag="100" ind1=" " ind2=" ">
    <subfield code="a">Kanhaiyalal  Dungarwal      &#x915;&#x928;&#x94D;&#x939;&#x948;&#x92F;&#x93E;&#x932;&#x93E;&#x932;  &#x921;&#x941;&#x902;&#x917;&#x930;&#x935;&#x93E;&#x932;</subfield>
    <subfield code="9">63183</subfield>
  </datafield>
  <datafield tag="245" ind1=" " ind2=" ">
    <subfield code="a">Samajwad Marma Aur Karma   &#x938;&#x92E;&#x93E;&#x91C;&#x935;&#x93E;&#x926;  &#x92E;&#x930;&#x94D;&#x92E;  &#x914;&#x930; &#x915;&#x930;&#x94D;&#x92E;  </subfield>
  </datafield>
  <datafield tag="260" ind1=" " ind2=" ">
    <subfield code="a">Madhya Pradesh</subfield>
    <subfield code="b">Samajwadi Shikshana Nyas </subfield>
    <subfield code="c">2009</subfield>
  </datafield>
  <datafield tag="300" ind1=" " ind2=" ">
    <subfield code="a">X,187 P.</subfield>
    <subfield code="b">PB</subfield>
    <subfield code="c">21x14 cm.</subfield>
  </datafield>
  <datafield tag="650" ind1=" " ind2=" ">
    <subfield code="a">Samajwad</subfield>
    <subfield code="9">63184</subfield>
  </datafield>
  <datafield tag="700" ind1=" " ind2=" ">
    <subfield code="a">DUNGARWAL (Kanhaiyala)  &#x921;&#x941;&#x902;&#x917;&#x930;&#x935;&#x93E;&#x932; ( &#x915;&#x928;&#x94D;&#x939;&#x948;&#x92F;&#x93E;&#x932;&#x93E;&#x932; )</subfield>
    <subfield code="9">63185</subfield>
  </datafield>
  <datafield tag="942" ind1=" " ind2=" ">
    <subfield code="2">ddc</subfield>
    <subfield code="c">GF</subfield>
  </datafield>
  <datafield tag="999" ind1=" " ind2=" ">
    <subfield code="c">225267</subfield>
    <subfield code="d">225267</subfield>
  </datafield>
  <datafield tag="952" ind1=" " ind2=" ">
    <subfield code="0">0</subfield>
    <subfield code="1">0</subfield>
    <subfield code="2">ddc</subfield>
    <subfield code="4">0</subfield>
    <subfield code="7">0</subfield>
    <subfield code="8">HIN</subfield>
    <subfield code="a">AL</subfield>
    <subfield code="b">AL</subfield>
    <subfield code="d">2013-03-23</subfield>
    <subfield code="l">0</subfield>
    <subfield code="o">H891.4 DUNS</subfield>
    <subfield code="p">GF02483</subfield>
    <subfield code="r">2022-11-22 00:00:00</subfield>
    <subfield code="w">2022-11-22</subfield>
    <subfield code="y">GF</subfield>
  </datafield>
</record>
